[Event "Ulm/Neu Ulm-ch"]
[Site "Ulm/Neu Ulm"]
[Date "2017.11.17"]
[Round "5"]
[White "Heinrich, Klaus"]
[Black "Hengstberger, Uli"]
[Result "1/2-1/2"]
[WhiteElo "1724"]
[BlackElo "1799"]
[PlyCount "29"]
[EventDate "2017.09.22"]
[EventType "swiss"]
[EventRounds "7"]
[EventCountry "GER"]
[SourceTitle "EXT 2019"]
[Source "ChessBase"]
[SourceDate "2018.10.10"]
[SourceVersion "1"]
[SourceVersionDate "2018.10.10"]
[SourceQuality "1"]

1. f4 d5 2. Nf3 Nf6 3. e3 c5 4. b3 Nbd7 5. Bb2 e6 6. Bd3 a6 7. 0-0 Bd6 8. c4 dxc4 9. Bxc4 b5 10. Be2 Bb7 11. Ng5 h6 12. Nh3 Qb6 13. Bf3 Rg8 14. Bxb7 Qxb7 15. Qf3 1/2-1/2

[Event "Ulm/Neu Ulm-ch"]
[Site "Ulm/Neu Ulm"]
[Date "2009.11.30"]
[Round "4"]
[White "Hengstberger, Uli"]
[Black "Schmid, Franz"]
[Result "1/2-1/2"]
[WhiteElo "1471"]
[BlackElo "1920"]
[PlyCount "123"]
[EventDate "2009.09.18"]
[EventType "swiss"]
[EventRounds "5"]
[EventCountry "GER"]
[SourceTitle "EXT 2011"]
[Source "ChessBase"]
[SourceDate "2010.11.26"]
[SourceVersion "1"]
[SourceVersionDate "2010.11.26"]
[SourceQuality "1"]

1. c4 g6 2. Nc3 Bg7 3. d4 d6 4. e4 Nf6 5. f4 0-0 6. Nf3 c6 7. Be2 Nbd7 8. 0-0 Qc7 9. h3 e5 10. fxe5 dxe5 11. d5 Nh5 12. Rf2 Ng3 13. d6 Qb6 14. Na4 Qd8 15. Kh2 Nxe4 16. Rf1 Nb6 17. Nxb6 axb6 18. Be3 Be6 19. Qb3 Nxd6 20. Bxb6 Qb8 21. Ng5 Re8 22. Nxe6 Rxe6 23. Rad1 Qe8 24. c5 Nf5 25. Bg4 e4 26. Bxf5 gxf5 27. Rxf5 e3 28. Re1 Qe7 29. Re2 Re8 30. Ba5 Re5 31. Qc2 Qe6 32. Rf3 Re4 33. Bc3 Bxc3 34. Qxc3 Qe5+ 35. Qxe5 R8xe5 36. g4 Rxc5 37. Kg3 Rce5 38. Rf4 h5 39. Rxe4 Rxe4 40. Kf3 Ra4 41. a3 hxg4+ 42. hxg4 Kg7 43. Rxe3 Kf6 44. Rc3 Ke5 45. Re3+ Kd6 46. Re4 Ra5 47. Rb4 b5 48. Rf4 Ra7 49. Rf5 Ke6 50. Ke3 Rd7 51. Rc5 Kd6 52. Rf5 c5 53. Kd3 Ke6+ 54. Kc3 Kd6 55. b4 Ra7 56. bxc5+ Kc6 57. Kb4 Ra4+ 58. Kb3 Rxg4 59. Rxf7 Kxc5 60. Rf5+ Kb6 61. Rf6+ Ka5 62. Rf3 1/2-1/2

[Event "Ulm/Neu Ulm-ch"]
[Site "Ulm/Neu Ulm"]
[Date "2008.09.19"]
[Round "1"]
[White "Hengstberger, Uli"]
[Black "Buehler, Juergen"]
[Result "0-1"]
[WhiteElo "1445"]
[BlackElo "1917"]
[PlyCount "68"]
[EventDate "2008.09.19"]
[EventType "swiss"]
[EventRounds "7"]
[EventCountry "GER"]
[SourceTitle "EXT 2011"]
[Source "ChessBase"]
[SourceDate "2010.11.26"]
[SourceVersion "1"]
[SourceVersionDate "2010.11.26"]
[SourceQuality "1"]

1. c4 e5 2. Nc3 Nc6 3. g3 g6 4. Bg2 Bg7 5. Nf3 d6 6. d3 h6 7. 0-0 f5 8. Rb1 Be6 9. Bd2 Nf6 10. Ne1 g5 11. f4 exf4 12. gxf4 g4 13. b4 Qd7 14. b5 Nd8 15. Nc2 0-0 16. Ne3 c6 17. a4 Rc8 18. a5 d5 19. Na4 Re8 20. Nc5 Qf7 21. a6 b6 22. Nxe6 Qxe6 23. bxc6 dxc4 24. d4 Ne4 25. d5 Qf6 26. Nxc4 Qd4+ 27. e3 Qxc4 28. Rc1 Qxd5 29. Bb4 Qxd1 30. Rfxd1 Nxc6 31. Bxe4 Rxe4 32. Rd6 Rxb4 33. Rdxc6 Rxc6 34. Rxc6 Ra4 0-1

[Event "Ulm/Neu Ulm-ch"]
[Site "Ulm/Neu Ulm"]
[Date "2007.10.05"]
[Round "2"]
[White "Hengstberger, Uli"]
[Black "Krapf, Katharina"]
[Result "1-0"]
[WhiteElo "1450"]
[BlackElo "1043"]
[PlyCount "83"]
[EventDate "2007.09.21"]
[EventType "swiss"]
[EventRounds "7"]
[EventCountry "GER"]
[SourceTitle "EXT 2011"]
[Source "ChessBase"]
[SourceDate "2010.11.26"]
[SourceVersion "1"]
[SourceVersionDate "2010.11.26"]
[SourceQuality "1"]

1. d4 c5 2. d5 e6 3. dxe6 fxe6 4. Bf4 Nc6 5. Nf3 d5 6. Nbd2 Nge7 7. e4 a6 8. c4 Ng6 9. Bg3 d4 10. Bd3 e5 11. a3 Be7 12. 0-0 0-0 13. h3 Bd6 14. Nb3 Bd7 15. Qd2 Na7 16. Na5 b5 17. Nb7 Qb6 18. Nxd6 Qxd6 19. Qg5 Qf6 20. Bxe5 Qxg5 21. Nxg5 Nxe5 22. Be2 h6 23. f4 hxg5 24. fxe5 Rae8 25. Rxf8+ Kxf8 26. Rf1+ Kg8 27. Bh5 Rf8 28. Rc1 bxc4 29. Rxc4 Rc8 30. b4 cxb4 31. Rxd4 Be6 32. axb4 Nb5 33. Rd2 Nc3 34. Bg6 Kf8 35. Rd6 Ke7 36. Rxa6 Rc4 37. Ra7+ Kf8 38. Ra6 Ke7 39. Bf5 Nxe4 40. Rxe6+ Kf7 41. Rb6 g6 42. Be6+ 1-0